00785nam a2200169 a 450000100100000000500170001000800410002702000170006804000250008524501920011026000730030230000270037550000210040250000730042395201040049699900150060000000231320200929150201.0090701s2008 dr a r 000 0 spa d z978927532177 aDO-SdBNPbspacBNPHU00aEvaluación de la respuesta del sistema nacional de salud al VIH en la República Dominicana :buna herramienta política, gerencial y técnica para avanzar hacia el acceso universal. aWashington, D. C. :bOrganización Panamericana de la Salud,c2008. a93 p. :bil. ;c28 cm. aIncluye índice aIncluye referencias bibliográficas y notas al pie de las páginas 0010718PDaGRbGRcHDd2009-07-01iLF1l0o p2313-10r2020-06-25w2020-06-25yLFPDZNo se presta c2158d2158